000 03425nab a2200373 i 4500
003 BR-BrBNA
005 20241216151126.0
008 241216b2015 bl.|r|pooa||| 00| 0 por |
040 _aBR-BrBNA
_bpor
072 _aL70
_b5600
100 _aPinto Filho, S.T.L.
100 _aOliveira, M.T.
100 _aAramburú Junior, J.S.
100 _aGlanzner, W.G.
100 _aSilva, T.O.
100 _aFeranti, J.P.S.
100 _aGonçalves, P.B.D.
100 _aCruz, I.B.M.
100 _aBrun, M.V.
100 _aPippi, N.L.
245 _aAvaliações clínica, ecográfica e anatomofisiológica do alotransplante parcial de vesícula urinária com células-tronco mesenquimais alogênicas derivadas do tecido adiposo em coelhos
500 _a Publicação online; 22 ref.; 3 illus.; Summaries (En, Pt)
520 _a RESUMO - Os problemas relacionados ao armazenamento vesical são muitos e relevantes. Eles, além de influírem de forma efetiva na qualidade de vida, podem eventualmente evoluir para falência renal. Existem vários trabalhos, os quais descrevem as propriedades imunomoduladoras e imunossupressoras das células-tronco mesenquimais derivadas do tecido adiposo (ADSCs). Objetiva-se com o presente avaliar clínica, ecográfica e anatomofisiologicamente o alotransplante parcial de bexiga a fresco em coelhos, utilizando como agente imunomodulador ADSCs alogênicas. Para isso foram utilizados 25 coelhos, sendo um deles macho e doador das ADSCs, e os outros 24 eram fêmeas, submetidas a alotransplante parcial de bexiga, sendo tratadas com ciclosporina (GCi) ou células-tronco mesenquimais (GCe). Conclui-se que as ADSCs foram suficientes para evitar sinais clínicos e ecográficos de rejeição ao alotransplante de vesícula urinária, mantendo a estrutura anatomofisiológica vesical por até 30 dias em coelhos. Palavras-chave: bexiga, ADSC, cirurgia, transplante
520 _a ABSTRACT - The problems related to bladder storage are many and significant. In addition to effectively impacting the quality of life, they can eventually progress to kidney failure. There are several studies which describe the immunomodulatory and immunosuppressive properties of ADSCs. The aim of this study is to clinically, through sonography, anatomically and physiologically evaluate fresh partial allograft bladder from rabbits using allogeneic ADSCs as immunomodulator agents. For such, 25 rabbits were used, one being a male ADSCs donor, and the other 24 females who underwent simultaneous partial allograft bladder, being treated with cyclosporine (GCi) or mesenchymal stem cells (GCe). It was concluded that ADSCs were sufficient to prevent clinical and ultrasound signs of allograft rejection of the urinary bladder. These bladders retained the anatomophysiological structure for 30 days in rabbits. Keywords: bladder, ADSC, surgery, graft
650 _aCOELHO
650 _aBEXIGA
650 _aCIRURGIA
650 _aTRANSPLANTE
650 _aVETERINÁRIA
773 0 _01643
_9315896
_dBelo Horizonte-MG Universidade Federal de Minas Gerais - Escola de Veterinaria 1983
_o2024-2261
_tArquivo Brasileiro de Medicina Veterinária e Zootecnia (Brazil)
_x0102-0935
_gv. 67(5) p. 1304-1312; (2015)
_wBR2024003999
856 _uhttps://www.scielo.br/j/abmvz/a/FLknRCWfRzdtyWZh5vtRNBf/?format=pdf&lang=pt
942 _cANA
999 _c329290
_d329290